Fixed points : algorithms and applications /

Guardado en:
Autores Corporativos: International Conference on Computing Fixed Points with Applications Clemson University), United States. Office of Naval Research., United States. Army Research Office.
Otros Autores: Karamardian, Stepan. (Editor ), Garcia, C. B. (Colaborador)
Formato: Libro
Idioma:English
Publicado: New York : Academic Press, 1977.
Materias:
Etiquetas: Agregar Etiqueta
Sin Etiquetas, Sea el primero en etiquetar este registro!
LEADER 01444cam a2200313 a 4500
001 MAT.inmabb004655
008 761210s1977####nyua#####b####100#0#eng##
005 20160309175411.0
245 1 0 |a Fixed points :  |b algorithms and applications /  |c edited by Stepan Karamardian ; in collaboration with C. B. Garcia. 
260 |a New York :  |b Academic Press,  |c 1977. 
300 |a x, 494 p. :  |b il. ;  |c 24 cm. 
500 |a "Proceedings of a Conference on Computing Fixed Points with Applications held in the Department of Mathematical Sciences at Clemson University, Clemson, South Carolina, June 26-28, 1976". 
500 |a "Sponsored by the Office of Naval Research and the Office of the Army Research Center". 
504 |a Incluye referencias bibliográficas. 
510 4 |a MR,  |c 55 #8 
020 |a 012398050X 
111 2 |a International Conference on Computing Fixed Points with Applications  |n (1ª :  |d 1974 :  |c Clemson University) 
700 1 |a Karamardian, Stepan.  |4 edt 
700 1 |a Garcia, C. B.  |4 clb 
710 1 |a United States.  |b Office of Naval Research. 
710 1 |a United States.  |b Army Research Office. 
650 0 |a Fixed point theory  |x Congresses. 
650 0 |a Equations, Simultaneous  |x Congresses. 
650 0 |a Economics, Mathematical  |x Congresses. 
650 0 |a Programming (Mathematics)  |x Congresses. 
084 |a 54H25 (55M20)  |2 msc2000 
010 |a  76030678  
040 |a DLC  |c DLC  |d DLC 
859 |h 54  |i In61  |p A-4585  |b BIB. MATEMATICA